000 01377cam a2200349 a 4500
001 EDZ0000084982
003 StDuBDS
005 20161031105151.0
006 m||||||||d||||||||
007 cr |||||||||||
008 120516s2003 enk fo| 001|0|eng d
020 _a9781446221716 (ebook) :
_cNo price
040 _aStDuBDS
_beng
_cStDuBDS
_epn
049 _aAlfaisal Main Library
050 0 _aPN1992.3.G7
_bB64 2003
082 0 4 _a791.45750941
_223
100 1 _aBonner, Frances.
245 1 0 _aOrdinary television
_h[electronic resource] :
_banalyzing popular TV /
_cFrances Bonner.
260 _aLondon :
_bSAGE,
_cc2003.
300 _a1 online resource (viii, 229 p.)
504 _aIncludes bibliographical references and index.
520 8 _aBonner provides a distinctive angle on a key area of research and teaching across media and cultural studies - the content of television and the relations between television genres and audiences.
521 _aSpecialized.
588 _aDescription based on print version record.
650 0 _aTelevision programs
_zGreat Britain.
650 0 _aTelevision programs
_zAustralia.
655 7 _aElectronic books.
_2local
710 2 _aSage eBooks
776 0 8 _iPrint version :
_z9780803975712
856 4 0 _uhttp://ezproxy.alfaisal.edu/login?url=http://sk.sagepub.com/books/ordinary-television
942 _2lcc
_cEBOOKS
999 _c480792
_d480792